MDQL
is popping MORE tags! Check the
thread
!
Quizzes
Events
Quiz Creation
Community
Videos
Private Events
Remove Ads
Sign In
Join for FREE
Feedback
Dark Mode
Quiz Categories
Sports
Geography
Music
Movies
Television
Just For Fun
Miscellaneous
History
Literature
Language
Science
Gaming
Entertainment
Religion
Holiday
For Kids
Quiz Lab
Recent
Popular Today
Quiz Kudos Today
Editor Picks
Curator Picks
Quizzes by...
Day
Popularity
Type
Ratings
Length
Year
Community
Subscriptions
Recent Discussions
Orange Saloon
Badges
Playlists
Quests
Create
Leaderboards
Showdown
Live 5
Trivia Bingo
Activity
Puzzle Library
Sporcle Events
Private Events
Virtual Trivia
Globe League
Become a Host
Pub Owners
SporcleCon
Opinionation
Our Games
Videos
Blog
Mobile Apps
Partnerships
Remove Ads and Go Orange
Feedback
Geography
Country
Landmarks
City
State
Population
World
Capital
Continent
Flags
Europe
Africa
Asia
South America
North America
Oceania
Border
Canada
United Kingdom
Topography
United States
Geography
Country
Landmarks
City
State
Population
World
Capital
Continent
Flags
Europe
Africa
Asia
South America
North America
Oceania
Border
Canada
United Kingdom
Topography
United States
Random Quiz
Search Sporcle
×
Quiz Lab
Quiz Lab
Geography
City
Type in answers that appear in a list
Type in answers that appear in a list
Classic
Best Score? Go Orange.
Language City Names Stats
Can you name the English names of these cities?
By
briantravelman
2m
23 Questions
814 Plays
814 Plays
814 Plays
Comments
Comments
Give Quiz Kudos
Give Quiz Kudos
-
- Ratings
hide this ad
Replay
Link that replays current quiz
Next Quiz
Link to next quiz in quiz playlist
You Got
0%
They Got
Avg Score
82%
Avg Friend Score
Upgrade to see
Score Distribution
Jump to the score distribution portion of the page
Score
0/23
Timer
02:00
0
Plays Today
Actual Name
English Name
% Correct
Paris
Paris
99.3%
Roma
Rome
99.1%
Athina
Athens
98.9%
Ciudad de Mexico
Mexico City
98.3%
Warszawa
Warsaw
97.8%
Sankt-
Peterburg
St. Petersburg
97.8%
München
Munich
96.7%
Moskva
Moscow
96.6%
La Habana
Havana
94.1%
Panamá
Panama City
94.1%
Frankfurt am Main
Frankfurt
94%
Venezia
Venice
92.8%
Actual Name
English Name
% Correct
Stato della Citta del Vaticano
Vatican City
92.3%
Praha
Prague
92.1%
Kraków
Krakow
88.9%
București
Bucharest
84.3%
Wien
Vienna
80.2%
La Nueva Guatemala de la Asunción
Guatemala City
79.4%
Toshkent
Tashkent
69.9%
Makkah Al Mukarrammah
Mecca
47.5%
Samarqand
Samarkand
39.2%
Kaapstad
Cape Town
30.6%
al-
Jazā’ir
Algiers
28.4%
Quiz Playlist
Details
Report
Send in Message
Add To Playlist
Classic:
Type in answers that appear in a list
Last Updated: Feb 16, 2017
Quiz Scoreboard
CHALLENGE
Sign Up to Join the Scoreboard
Show All
Scores
Hide
Comments
May contain spoilers
Recently Published
5x2 Blitz: Bands
by SL_Kpop136
Music
30s
Colored Red Africa Blitz
by spor1
Geography
30s
Find the 'City' Movie
by crazypaving
Movies
60s
More to Explore
Quiz From the Vault
Featured Blog Post
14 Easter Pick-up Lines to Find Eggs With
hide this ad
You Might Also Like...
Tags
City Quiz
Actual
English
Today's Top Quizzes in Geography
Browse Geography
hide this ad
Today's Top Quizzes in City
Browse City
Top Contributed Quizzes in Geography
1
Countries of the World - No Outlines Minefield
2
Colored Red Europe Blitz I
3
Colored Red Africa Blitz II
4
Colored Red Europe Blitz II
5
Colored Red Europe Blitz III
6
Colored Red Africa Blitz III
7
Colored Red States Blitz I
8
Colored Red States Blitz II
9
Colored Red States Blitz III
10
Blind Secret Country CLXXXIX
Explore More
Trending Topics
Crossword
Disney
Anime
NBA
Kpop
Marvel
Harry Potter
Puzzle
The Office
Pokémon
Country
WWE
NFL
Soccer
Song
hide this ad
More By:
briantravelman
Quiz
Plays
Rating
Category
Featured
Created
Biggest Caribbean Cities
1,080
3.83
Geography
Dec 23, 2009
Language City Names
814
3.80
Geography
Dec 23, 2009
Biggest Polish Cities
784
4.67
Geography
Dec 23, 2009
Puerto Rican Cities
507
2.20
Geography
Dec 23, 2009
U.S. National Parks
504
3.86
Geography
Oct 4, 2009
Go to Creator's Profile
Score Distribution
Quiz Creator Spotlight
briantravelman
Follow
Send a Message
Quizzes Created
-
Created Quiz Play Count
-
More By This Creator
Popular Quizzes Today
1
Find the 'City' Movie
2
Colored Red Africa Blitz
3
Find the US States - No Outlines Minefield
4
5x2 Blitz: Bands
5
The Countries of the World
6
Find the US States
7
US States
8
9x9 Crossword: Cartoon Network
More Geography Quizzes
Where's My Package? In the Capital City, of Course!
Editor's Pick
Trending Quizzes
Colored Red Europe Blitz I
Colored Red Africa Blitz II
Colored Red Europe Blitz II
Colored Red Europe Blitz III
Colored Red Africa Blitz III
Recently Updated
Famous TV Couples
Peacemaker
Champions League XIs: Real Madrid
pecheneg
Largest US Cities 1790-2010
pecheneg
Rides in Walt Disney World
pecheneg
Most Oscar Losses (Acting)
pecheneg
Beyoncé Albums
pecheneg
Leaping Animals
pecheneg
Reality TV Shows (A-Z)
bhenderson79
Rickey Henderson's Hall of Fame Teammates
pecheneg
Champions League XIs: Arsenal
pecheneg
Trending Topics
NBA
Crossword
Disney
Kpop
Anime
Harry Potter
Marvel
The Office
NFL
Country
Song
WWE
Puzzle
Pokémon
Soccer
Your Account Isn't Verified!
In order to create a playlist on Sporcle, you need to verify the email address you used during registration. Go to your
Sporcle Settings
to finish the process.
Report this User
Report this user for behavior that violates our
Community Guidelines
.
Details:
Send Report
Go to the Sporcle.com Mobile Site →
Comments